[Event "Titled Tuesday intern op 27th Aug Early"]
[Site "Chess.com INT"]
[Date "2024.08.27"]
[Round "3"]
[White "Nechitailo, Nikita"]
[Black "Bogaudinov, Rushan"]
[Result "0-1"]
[WhiteElo "2241"]
[BlackElo "1912"]
[PlyCount "80"]
[EventDate "2024.08.27"]
[EventType "swiss (blitz)"]
[EventRounds "11"]
[EventCountry "USA"]
[SourceTitle "EXT 2025"]
[Source "ChessBase"]
[SourceDate "2024.10.14"]
[SourceVersion "1"]
[SourceVersionDate "2024.10.14"]
[SourceQuality "1"]

1. d4 e6 2. c4 Nf6 3. Nc3 Bb4 4. e3 0-0 5. Bd2 d5 6. Nf3 c5 7. a3 Bxc3 8. Bxc3 Ne4 9. cxd5 Nxc3 10. bxc3 exd5 11. Bd3 Nc6 12. 0-0 Bg4 13. dxc5 Qe7 14. Rb1 Rab8 15. Re1 Rfd8 16. h3 Bxf3 17. Qxf3 Ne5 18. Qe2 Qxc5 19. Bxh7+ Kf8 20. Qh5 Qd6 21. Bc2 g6 22. Qh8+ Ke7 23. Qh4+ Qf6 24. Qxf6+ Kxf6 25. Red1 Nc4 26. Bb3 Nxa3 27. Rb2 Nb5 28. Rxd5 Nxc3 29. Rc5 Rbc8 30. Ra5 a6 31. Rc2 Nb5 32. Ra4 Rd1+ 33. Kh2 Rxc2 34. Bxc2 Rd2 35. Rf4+ Kg7 36. Bb3 f5 37. g4 Nd6 38. gxf5 gxf5 39. Kg2 b5 40. Be6 Kf6 0-1